000 02546nam a22003978i 4500
001 CR9781108594516
003 UkCbUP
005 20210213154023.0
006 m|||||o||d||||||||
007 cr||||||||||||
008 180926s2019||||enk o ||1 0|eng|d
020 _a9781108594516 (ebook)
020 _z9781108484213 (hardback)
020 _z9781108706100 (paperback)
040 _aUkCbUP
_beng
_erda
_cUkCbUP
043 _aas-----
_aa------
050 0 0 _aHV6433.786.S64
_bE35 2019
082 0 0 _a364.16/4
_223
100 1 _aEklöf Amirell, Stefan,
_d1968-
_eauthor.
245 1 0 _aPirates of empire :
_bcolonisation and maritime violence in Southeast Asia /
_cStefan Eklöf Amirell.
264 1 _bCambridge University Press,
300 _a1 online resource (ix, 266 pages) :
_bdigital, PDF file(s).
500 _aTitle from publisher's bibliographic system (viewed on 09 Aug 2019).
520 _aThe suppression of piracy and other forms of maritime violence was a keystone in the colonisation of Southeast Asia. Focusing on what was seen in the nineteenth century as the three most pirate-infested areas in the region - the Sulu Sea, the Strait of Malacca and Indochina - this comparative study in colonial history explores how piracy was defined, contested and used to resist or justify colonial expansion, particularly during the most intense phase of imperial expansion in Southeast Asia from c.1850 to c.1920. In doing so, it demonstrates that piratical activity continued to occur in many parts of Southeast Asia well beyond the mid-nineteenth century, when most existing studies of piracy in the region end their period of investigation. It also points to the changes over time in how piracy was conceptualised and dealt with by each of the major colonial powers in the region - Britain, France, the Netherlands, Spain and the United States. This title is also available as Open Access on Cambridge Core.
650 0 _aPiracy
_zSoutheast Asia
_xHistory
_y19th century.
650 0 _aPiracy
_zSoutheast Asia
_xHistory
_y20th century.
650 0 _aMaritime terrorism
_zSoutheast Asia
_xHistory
_y19th century.
650 0 _aMaritime terrorism
_zSoutheast Asia
_xHistory
_y20th century.
650 0 _aColonies
_zAsia
_xHistory
_y19th century.
650 0 _aColonies
_zAsia
_xHistory
_y20th century.
776 0 8 _iPrint version:
_z9781108484213
856 4 0 _uhttps://doi.org/10.1017/9781108594516
999 _c27771
_d27771